Carnivores Animals A-Z - Statistics

General Stats
  • This quiz has been taken 47 times
  • The average score is 15 of 26
Answer Stats
Picture Hint Answer % Correct
C Cheetah
100%
F Fox
97%
H Hyena
97%
J Jaguar
95%
B Bobcat
92%
L Lion
92%
R Raccoon
92%
T Tiger
92%
P Puma
89%
V Vulture
86%
W Wolf
84%
O Ocelot
73%
G Gray Wolf
62%
S Snow Leopard
54%
A African Wild Dog
51%
M Mongoose
51%
D Dhole
41%
E Eurasian Lynx
35%
N Numbat
30%
Q Quoll
30%
I Island Fox
14%
Y Yellow-Throated Marten
11%
Z Zorilla
11%
X Xoloitzcuintli
8%
K Kangal Shepherd Dog
5%
U Urva
5%
No matching quizzes found
Score Distribution
Percent of People with Each Score
Percentile by Number Answered
Your Score History
You have not taken this quiz